Sports Quiz

Random Sports or World Cup Quiz

FIFA World Cup Goal Scorers: Switzerland Quiz Stats

Quiz not verified by Sporcle

Challenge
Share
Tweet
Embed
Score 0/26 Timer 02:00
0 Plays Today
Goals Player % Correct
3Xherdan Shaqiri
89.1%
2Alexander Frei
87.5%
1Granit Xhaka
74.5%
1Stéphane Chapuisat
72.7%
1Haris Seferović
69.1%
1Philippe Senderos
64.8%
1Blerim Džemaili
60%
1Tranquillo Barnetta
59.1%
1Gelson Fernandes
56.8%
1Admir Mehmedi
54.5%
1Alain Sutter
52.3%
6Josef Hügi
47.7%
1Adrian Knup
47.7%
Goals Player % Correct
2Georges Bregy
46.6%
4André Abegglen
38.6%
3Jacques Fatton
25%
1Heinz Schneiter
23.9%
4Robert Ballaman
22.7%
3Leopold Kielholz
21.6%
1Charles Antenen
20.5%
1René-Pierre Quentin
17%
1Alfred Bickel
13.6%
1Eugen Walaschek
12.5%
1Willy Jäggi
11.4%
1René Bader
11.4%
1Rolf Wüthrich
8%

You're not logged in!

Compare scores with friends on all Sporcle quizzes.
Sign Up with Email
OR
Log In

Show Comments

Extras

Top Quizzes Today


Score Distribution

Your Account Isn't Verified!

In order to create a playlist on Sporcle, you need to verify the email address you used during registration. Go to your Sporcle Settings to finish the process.